000 00744nam a2200205Ia 4500
008 241004s9999 xx 000 0 und d
020 _a9789389386172
037 _aTextbook
040 _aARTS
_bhin
_cARTS
041 _ahin
_2hin
084 _aS:55 152R2
_qARTS
100 _aप्रकाश सिंह, ले.
245 _aपुरूषार्थ का कामशास्त्रीय अध्ययन: काम
_cप्रकाश सिंह, ले.
260 _aभारत
_bदिल्ली, ईस्टर्न बुक लिंकर्स,
_c2022
300 _a126पृ0
365 _aINR
_b500
650 _aPsychology
942 _cTB
_hS:55 152R2
999 _c1218714
_d1218714